|
|
|
|
| LEADER |
00000nab a2200000uu 4500 |
| 001 |
vtls011142662 |
| 003 |
SK-MaSNL |
| 005 |
20260304030214.0 |
| 008 |
250310|2011 xo |||||||||||||||||slo| |
| 015 |
|
|
|a SNBRB
|
| 035 |
|
|
|a (urnnbn)urn:nbn:sk:snk:ar-008ebr
|
| 035 |
|
|
|a (uuid)ab462c5a-3b5a-490b-98b0-86e33a3b04a6
|
| 035 |
|
|
|a urn:nbn:sk:snk-abau3b
|
| 040 |
|
|
|a SNKBUCL
|b slo
|c SNKBUCL
|e AACR2
|
| 041 |
0 |
|
|a slo
|
| 044 |
|
|
|a xo
|c SK
|
| 100 |
1 |
|
|a Petráš, Dušan,
|d 1956-
|4 aut
|9 85201
|
| 245 |
1 |
0 |
|a KONŠTRUKČNÉ RIEŠENIA TEPLOVODNÉHO PODLAHOVÉHO VYKUROVANIA A ICH APLIKÁCIE V BUDOVÁCH
|c Dušan Petráš, Jozef Bugáň
|
| 700 |
1 |
|
|a Bugáň, Jozef
|4 aut
|9 805818
|
| 773 |
0 |
|
|t Eurostav : (Bratisl.)
|g Roč. 17, č. 9 (2011), s. 50-53
|
| 958 |
|
|
|a OND
|
| 958 |
|
|
|a EUIPO
|
| 958 |
|
|
|a article14
|
| 999 |
|
|
|c 2632496
|d 2634426
|